| 000 | 00389nam a22001577a 4500 | ||
|---|---|---|---|
| 003 | SGT | ||
| 020 | _a978-93-325-4949 | ||
| 082 |
_a621.437 _bPUL |
||
| 100 | _aPULKRABEK,WILLARD.W. | ||
| 245 | _aENGINEERING FUNDAMENTALS OF THE INTERNAL COMBUSTION ENGINE | ||
| 250 | _a2ND | ||
| 260 |
_aNOIDA(U.P) _bPEARSON _c2016 |
||
| 300 | _a486 | ||
| 650 | _aMECHANICAL ENGINEERING | ||
| 942 |
_2ddc _cBK |
||
| 999 |
_c14643 _d14643 |
||